000 00256nam a2200097Ia 4500
008 230915s9999 xx 000 0 und d
050 _aQP 34.5 .H35 2021
100 _aHALL, JOHN E.
245 0 _aGUYTON AND HALL TEXTBOOK OF MEDICAL PHYSIOLOGY
942 _cBK
999 _c193220
_d193220